[Event "31st WCh U20 Girls"]
[Site "Kocaeli TUR"]
[Date "2013.09.17"]
[Round "5.20"]
[White "Anu Bayar"]
[Black "Juhasz, Barbara"]
[Result "1/2-1/2"]
[WhiteElo "2012"]
[BlackElo "2169"]
[EventDate "2013.09.13"]
[PlyCount "84"]

1.d4 Nf6 2.c4 g6 3.Nc3 Bg7 4.Nf3 O-O 5.e4 d6 6.Be2 e5 7.O-O Nc6 8.d5 Ne7 
9.Nd2 a5 10.Rb1 Nd7 11.a3 f5 12.b4 Bh6 13.Nb3 Bxc1 14.Rxc1 axb4 15.axb4 
Nf6 16.exf5 gxf5 17.f4 exf4 18.Rxf4 Ng6 19.Rf1 Qe7 20.Qd2 Bd7 21.Nd4 Ne4 
22.Nxe4 fxe4 23.Qe3 Rxf1+ 24.Rxf1 Qe5 25.Bd1 Re8 26.Bc2 Nh4 27.Qg3+ Qxg3 
28.hxg3 Ng6 29.Re1 e3 30.Kf1 Ne5 31.c5 Ng4 32.c6 bxc6 33.dxc6 Bc8 34.Ke2 
Nf6 35.Bb3+ Kg7 36.Kd3 Ng4 37.Bd1 Nf2+ 38.Kc4 Nxd1 39.Rxd1 Bg4 40.Re1 e2 
41.Kd3 Rb8 42.Kc4 Re8 1/2-1/2

[Event "31st WCh U20 Girls"]
[Site "Kocaeli TUR"]
[Date "2013.09.17"]
[Round "5.21"]
[White "Anjana Krishna, S."]
[Black "Gevorgian, Maria"]
[Result "1/2-1/2"]
[WhiteElo "1881"]
[BlackElo "2143"]
[EventDate "2013.09.13"]
[PlyCount "139"]

1.e4 c5 2.c3 d5 3.exd5 Qxd5 4.d4 Nf6 5.Nf3 Bg4 6.Be2 e6 7.O-O Be7 8.Na3 
Nc6 9.Be3 cxd4 10.Nb5 Rc8 11.Nfxd4 Bxe2 12.Qxe2 Nxd4 13.Nxd4 O-O 14.Rfd1 
a6 15.h3 Rfd8 16.Bf4 h6 17.Be5 Qa5 18.Bh2 Qb6 19.Nb3 Nd5 20.Be5 Bd6 21.
Bxd6 Qxd6 22.Qf3 b5 23.Rd2 b4 24.cxb4 Qxb4 25.Rad1 Rc4 26.Qe2 Rdc8 27.Nd4 
Qb6 28.a3 a5 29.Nf5 Nf4 30.Qe3 Qb7 31.Nh4 Nd5 32.Qg3 Rc2 33.Rxd5 exd5 34.
Nf5 Qxb2 35.Ne7+ Kh8 36.Nxc8 Rxc8 37.Rxd5 a4 38.Qd3 Qc1+ 39.Kh2 Qf4+ 40.
Qg3 Qxg3+ 41.Kxg3 Rc3+ 42.f3 Rxa3 43.Ra5 Ra1 44.Ra7 Kg8 45.Ra8+ Kh7 46.Ra6
f6 47.h4 Kg6 48.Ra5 h5 49.Kf4 a3 50.Kg3 a2 51.Kh2 Kf7 52.Ra6 Ke7 53.Kg3 
Kd7 54.Kh2 Kc7 55.Kg3 Kb7 56.Ra3 Kb6 57.Ra8 Kb5 58.Rb8+ Kc4 59.Rc8+ Kd3 
60.Rd8+ Ke2 61.Ra8 g5 62.hxg5 fxg5 63.Ra3 h4+ 64.Kh2 Kf2 65.Ra8 h3 66.gxh3
Kxf3 67.Rf8+ Ke4 68.Re8+ Kd5 69.Rd8+ Kc6 70.Ra8 1/2-1/2

[Event "31st WCh U20 Girls"]
[Site "Kocaeli TUR"]
[Date "2013.09.17"]
[Round "5.22"]
[White "Krumova, Ani"]
[Black "Furtado, Ivana Maria"]
[Result "0-1"]
[WhiteElo "1993"]
[BlackElo "2134"]
[EventDate "2013.09.13"]
[PlyCount "72"]

1.e4 e6 2.d4 d5 3.exd5 exd5 4.Nf3 Nc6 5.c4 Nf6 6.Nc3 Bb4 7.Bg5 dxc4 8.Bxc4
h6 9.Be3 O-O 10.O-O Bg4 11.a3 Ba5 12.h3 Bh5 13.g4 Bg6 14.Ne5 Nxe5 15.dxe5 
Nd7 16.f4 Qh4 17.Qf3 c6 18.b4 Bc7 19.Rad1 Qe7 20.Bf2 a5 21.Rxd7 Qxd7 22.
Rd1 Qc8 23.Bc5 Rd8 24.Rxd8+ Qxd8 25.f5 Bb6 26.Qe3 Bxc5 27.bxc5 Bh7 28.Ne4 
Qd1+ 29.Kf2 Qc2+ 30.Be2 Re8 31.Qd4 Qa2 32.Nd6 Rb8 33.Nxb7 Bxf5 34.Nxa5 Rb2
35.Qe3 Bd7 36.Kf1 h5 0-1

[Event "31st WCh U20 Girls"]
[Site "Kocaeli TUR"]
[Date "2013.09.17"]
[Round "5.23"]
[White "Shyngys Kyzy, Aijarkyn"]
[Black "Derakhshani, Dorsa"]
[Result "0-1"]
[WhiteElo "1780"]
[BlackElo "2078"]
[EventDate "2013.09.13"]
[PlyCount "80"]

1.e4 e5 2.Nf3 Nc6 3.Nc3 Nf6 4.d4 exd4 5.Nxd4 Bb4 6.Nxc6 bxc6 7.Bd3 d5 8.
exd5 cxd5 9.O-O O-O 10.Bg5 c6 11.Ne2 Bd6 12.Nd4 Bc7 13.Nf5 Rb8 14.Qf3 Be5 
15.Rae1 Qc7 16.Qh3 Kh8 17.Qh4 Ne4 18.Bxe4 dxe4 19.Qxe4 Bxh2+ 20.Kh1 f6 21.
Bc1 Be5 22.b3 Qf7 23.g4 c5 24.f3 Bb7 25.Qe2 h5 26.Qg2 g6 27.Nh6 Qh7 28.
gxh5 g5 29.Ng4 Qxh5+ 30.Kg1 Bd4+ 31.Be3 Bc3 32.Bxc5 Rfc8 33.Bd6 Bd4+ 34.
Ne3 Ra8 35.c4 Re8 36.Kf2 Qh4+ 37.Bg3 Bxe3+ 38.Rxe3 Qd4 39.Re1 Rxe3 40.Qh3+
Kg7 0-1

[Event "31st WCh U20 Girls"]
[Site "Kocaeli TUR"]
[Date "2013.09.17"]
[Round "5.24"]
[White "Adanmis, Ezgi"]
[Black "Imeeva, Aisa"]
[Result "0-1"]
[WhiteElo "1499"]
[BlackElo "2067"]
[EventDate "2013.09.13"]
[PlyCount "46"]

1.e4 e5 2.Nf3 Nc6 3.Bc4 Bc5 4.O-O Nf6 5.d4 Bxd4 6.Nxd4 Nxd4 7.f4 d6 8.fxe5
dxe5 9.Bg5 Qe7 10.Bxf6 gxf6 11.Na3 Rg8 12.c3 Bg4 13.Qe1 Ne6 14.Qh4 Nf4 15.
Kh1 O-O-O 16.Qxh7 Rh8 17.Qxf7 Qxf7 18.Bxf7 Rd2 19.Rxf4 exf4 20.Nc4 Re2 21.
Kg1 f3 22.h3 Rxg2+ 23.Kf1 Rxh3 0-1

[Event "31st WCh U20 Girls"]
[Site "Kocaeli TUR"]
[Date "2013.09.17"]
[Round "5.25"]
[White "Sviridova, Vlada"]
[Black "Firat, Deniz"]
[Result "1-0"]
[WhiteElo "2063"]
[BlackElo "1664"]
[EventDate "2013.09.13"]
[PlyCount "67"]

1.d4 Nf6 2.c4 g6 3.Nc3 d5 4.cxd5 Nxd5 5.e4 Nxc3 6.bxc3 Bg7 7.Bc4 c5 8.Ne2 
Nc6 9.Be3 O-O 10.O-O Na5 11.Bd3 b6 12.dxc5 e5 13.cxb6 axb6 14.Rb1 Rb8 15.
Rb4 Re8 16.Bb5 Rf8 17.Qxd8 Rxd8 18.Ra4 Rd6 19.Rb1 Bb7 20.f3 f5 21.exf5 
gxf5 22.Bxb6 Rxb6 23.Rxa5 Kf8 24.c4 e4 25.c5 Rg6 26.Kf2 Be5 27.f4 Bc7 28.
Ra7 Re6 29.Ke3 Rg6 30.g3 h5 31.Nd4 Rf6 32.c6 Bxc6 33.Rxc7 Bxb5 34.Rxb5 1-0

[Event "31st WCh U20 Girls"]
[Site "Kocaeli TUR"]
[Date "2013.09.17"]
[Round "5.26"]
[White "Shristi Shetty, J."]
[Black "Stiazhkina, Anna"]
[Result "0-1"]
[WhiteElo "1909"]
[BlackElo "2244"]
[EventDate "2013.09.13"]
[PlyCount "66"]

1.e4 e5 2.Nf3 Nc6 3.Bb5 a6 4.Ba4 Nge7 5.Bb3 Ng6 6.c3 d6 7.d4 Bg4 8.h3 Bxf3
9.Qxf3 Qd7 10.Be3 Na5 11.Bc2 Be7 12.O-O O-O 13.Nd2 c5 14.Rfd1 Qc7 15.dxc5 
dxc5 16.b3 b5 17.a3 Rfd8 18.Nf1 c4 19.b4 Nc6 20.a4 Bf6 21.a5 Nd4 22.cxd4 
exd4 23.e5 Nxe5 24.Qe4 d3 25.Bb6 Qc6 26.Qe3 Re8 27.Rac1 dxc2 28.Rxc2 Nd7 
29.Qg3 Nxb6 30.Rd6 Qe4 31.axb6 Be5 32.Qf3 Qxf3 33.gxf3 Bxd6 0-1

[Event "31st WCh U20 Girls"]
[Site "Kocaeli TUR"]
[Date "2013.09.17"]
[Round "5.27"]
[White "Nasriddinzoda, Marvorii"]
[Black "Soylemez, Cansu"]
[Result "0-1"]
[WhiteElo "2032"]
[BlackElo "1905"]
[EventDate "2013.09.13"]
[PlyCount "122"]

1.e4 c5 2.Nc3 Nc6 3.g3 g6 4.Bg2 Bg7 5.d3 d6 6.Nh3 e5 7.O-O Nge7 8.f4 O-O 
9.f5 f6 10.g4 Nd4 11.Be3 Bd7 12.Qd2 Qe8 13.Kh1 Bc6 14.Rf2 b5 15.Raf1 Kh8 
16.Nd1 b4 17.c3 bxc3 18.bxc3 Nb5 19.c4 Nd4 20.Nc3 Rb8 21.Ng1 Qf7 22.Nce2 
Rb6 23.Ng3 Rfb8 24.Bxd4 cxd4 25.g5 gxf5 26.Nxf5 Nxf5 27.Rxf5 Rb2 28.Qc1 
Qg6 29.Rxf6 Bxf6 30.Rxf6 Qh5 31.Rh6 Qg4 32.Bf3 Qc8 33.g6 R2b7 34.Qg5 Rg7 
35.Qf6 Kg8 36.gxh7+ Kh8 37.Rg6 Qf8 38.Qxf8+ Rxf8 39.Rxd6 Ba4 40.Bg2 Rf2 
41.Bh3 Rxh7 42.Rg6 Bd7 43.Rg2 Rxg2 44.Kxg2 Rg7+ 45.Kf2 Rxg1 46.Bxd7 Ra1 
47.a4 Ra2+ 48.Kg3 Rd2 49.Kg4 Rxd3 50.Kf5 Ra3 51.Kxe5 d3 52.Kd4 d2 53.Bg4 
Ra1 54.c5 d1=Q+ 55.Bxd1 Rxd1+ 56.Kc4 Kg7 57.c6 Kf6 58.Kb5 Ke6 59.Ka6 Kd6 
60.Kxa7 Kxc6 61.a5 Kb5 0-1

[Event "31st WCh U20 Girls"]
[Site "Kocaeli TUR"]
[Date "2013.09.17"]
[Round "5.28"]
[White "Barbosa, Larissa Ichimura"]
[Black "Racki, Barbara"]
[Result "1-0"]
[WhiteElo "1868"]
[BlackElo "1946"]
[EventDate "2013.09.13"]
[PlyCount "51"]

1.e4 e5 2.Nf3 Nc6 3.Bc4 Bc5 4.c3 Nf6 5.d3 a6 6.Bb3 Ba7 7.Nbd2 O-O 8.h3 h6 
9.Nf1 Nh5 10.g3 d6 11.Ne3 Be6 12.Nh4 Nf6 13.Bd2 d5 14.Bc2 Qd7 15.Nef5 dxe4
16.dxe4 Rad8 17.Rh2 Ne7 18.Nxe7+ Qxe7 19.Qe2 Rd7 20.Nf3 Rfd8 21.Kf1 Rd6 
22.b3 b5 23.Rd1 Bc8 24.Kg2 Qe6 25.Rhh1 Nh7 26.c4 1-0

[Event "31st WCh U20 Girls"]
[Site "Kocaeli TUR"]
[Date "2013.09.17"]
[Round "5.30"]
[White "De Seroux, Camille"]
[Black "Sen, Beril Berfin"]
[Result "1-0"]
[WhiteElo "2108"]
[BlackElo "1609"]
[EventDate "2013.09.13"]
[PlyCount "65"]

1.e4 e5 2.Nf3 Nc6 3.d4 exd4 4.Nxd4 Nf6 5.Nxc6 bxc6 6.e5 Qe7 7.Qe2 Nd5 8.c4
Ba6 9.Nd2 g6 10.b3 Bg7 11.Bb2 Nb4 12.Nf3 c5 13.g3 O-O 14.Bg2 d5 15.O-O 
Rad8 16.a3 Nc6 17.Rfe1 d4 18.Nd2 Qe6 19.f4 Rfe8 20.Ne4 Na5 21.Nxc5 Qb6 22.
Nxa6 Qxa6 23.Qd3 Rb8 24.b4 Qxc4 25.Qxc4 Nxc4 26.Bxd4 Nb6 27.Rac1 Rbd8 28.
Bf2 Rd3 29.a4 Bf8 30.Rxc7 Nxa4 31.Bc6 Bxb4 32.Bxe8 Bxe1 33.Bxe1 1-0

[Event "31st WCh U20 Girls"]
[Site "Kocaeli TUR"]
[Date "2013.09.17"]
[Round "5.31"]
[White "Gulay, Ayca Nuriye"]
[Black "Liu Hongyan"]
[Result "0-1"]
[WhiteElo "1634"]
[BlackElo "2065"]
[EventDate "2013.09.13"]
[PlyCount "44"]

1.g3 e5 2.Bg2 d5 3.d3 Nf6 4.f4 exf4 5.Bxf4 Bc5 6.d4 Bd6 7.Qd2 O-O 8.Nc3 c6
9.O-O-O Bf5 10.Bg5 Re8 11.Nf3 h6 12.Bf4 Bb4 13.Ne5 Be4 14.Bf3 Nbd7 15.Rhf1
Bh7 16.Nxd7 Nxd7 17.Bg4 Nb6 18.b3 Nc4 19.Qe1 Qa5 20.a4 Bxc3 21.Qf2 Qb4 22.
Bd6 Nxd6 0-1

[Event "31st WCh U20 Girls"]
[Site "Kocaeli TUR"]
[Date "2013.09.17"]
[Round "5.32"]
[White "Assaubaeva, Bibisara"]
[Black "Savant, Riya"]
[Result "1-0"]
[WhiteElo "1761"]
[BlackElo "1960"]
[EventDate "2013.09.13"]
[PlyCount "59"]

1.e4 c5 2.f4 g6 3.Nf3 Bg7 4.Nc3 d6 5.d4 cxd4 6.Nxd4 a6 7.Be3 Nc6 8.Qd2 Nf6
9.Be2 O-O 10.O-O-O Nxd4 11.Bxd4 b5 12.Bf3 b4 13.Nb1 Rb8 14.e5 dxe5 15.Bxe5
Qxd2+ 16.Nxd2 Rb5 17.Nb3 Ng4 18.Bxg7 Kxg7 19.Rde1 Nh6 20.Rxe7 Nf5 21.Rc7 
Rb6 22.Re1 Rd8 23.Na5 Be6 24.Nc6 Rd6 25.g3 Kf8 26.Ne5 Nd4 27.Bg2 Nb5 28.
Rc5 Rd4 29.Nc6 Rxc6 30.Rc4 1-0

[Event "31st WCh U20 Girls"]
[Site "Kocaeli TUR"]
[Date "2013.09.17"]
[Round "5.33"]
[White "Leonardi, Caterina"]
[Black "Arig, Busra"]
[Result "1-0"]
[WhiteElo "1944"]
[BlackElo "1788"]
[EventDate "2013.09.13"]
[PlyCount "51"]

1.d4 Nf6 2.c4 e6 3.g3 d5 4.Bg2 b6 5.cxd5 exd5 6.Nc3 Bb7 7.Nf3 Be7 8.O-O 
O-O 9.Bf4 Na6 10.Rc1 c5 11.Qa4 cxd4 12.Qxd4 Nc5 13.Rfe1 Nce4 14.b4 Rc8 15.
Ne5 Nxc3 16.Rxc3 Ne4 17.Rd3 f6 18.Bh3 fxe5 19.Bxe5 Rc4 20.Be6+ Rf7 21.Qxc4
Qf8 22.Qd4 Bxb4 23.Rf3 Ng5 24.Rxf7 Nxf7 25.Bxg7 Qxg7 26.Qxb4 1-0

[Event "31st WCh U20 Girls"]
[Site "Kocaeli TUR"]
[Date "2013.09.17"]
[Round "5.34"]
[White "Micoogullari, Lara"]
[Black "Zdilar, Emilija"]
[Result "1-0"]
[WhiteElo "1585"]
[BlackElo "1885"]
[EventDate "2013.09.13"]
[PlyCount "85"]

1.Nf3 Nf6 2.g3 g6 3.d4 Bg7 4.Bg2 O-O 5.O-O d6 6.b3 Nbd7 7.Bb2 Re8 8.c4 c6 
9.Na3 Qc7 10.Qc2 e5 11.c5 d5 12.Nxe5 Nxe5 13.dxe5 Ng4 14.e6 Bxe6 15.Bxg7 
Kxg7 16.Qc3+ Qe5 17.Qxe5+ Nxe5 18.Nc2 Nd7 19.b4 a5 20.a3 Ra7 21.Nd4 axb4 
22.axb4 Rea8 23.Rxa7 Rxa7 24.e4 Nf6 25.exd5 Bxd5 26.Bxd5 Nxd5 27.b5 Ra4 
28.bxc6 Rxd4 29.cxb7 Rb4 30.Rd1 Ne7 31.Rd7 Kf6 32.c6 Rb6 33.Rxe7 Kxe7 34.
c7 Rxb7 35.c8=Q Rd7 36.g4 Rd8 37.Qc5+ Rd6 38.g5 Ke6 39.h4 Ke7 40.Qe5+ Kd7 
41.Qg7 Ke7 42.Qxh7 Rd5 43.Qh8 1-0

[Event "31st WCh U20 Girls"]
[Site "Kocaeli TUR"]
[Date "2013.09.17"]
[Round "5.35"]
[White "Urbonaviciute, Zivile"]
[Black "Guney, Gamze Nur"]
[Result "0-1"]
[WhiteElo "1826"]
[BlackElo "1731"]
[EventDate "2013.09.13"]
[PlyCount "72"]

1.e4 c5 2.Nf3 d6 3.d4 cxd4 4.Nxd4 Nf6 5.Nc3 a6 6.Be2 e6 7.Be3 Be7 8.O-O b5
9.a3 Bb7 10.Bd3 Nbd7 11.f3 Rc8 12.Kh1 h5 13.Nde2 h4 14.Ng1 Nh5 15.Nh3 Ndf6
16.Qe1 Qc7 17.Qf2 d5 18.Bb6 Qb8 19.Rae1 Bd6 20.e5 Bxe5 21.Rxe5 Qxe5 22.Bd4
Qd6 23.Re1 Kd7 24.Qxh4 Rcg8 25.Qg5 Ne8 26.b4 Qe7 27.Qe3 Nd6 28.Bc5 Rc8 29.
a4 Qf6 30.Bd4 Nf5 31.Bxf5 Qxf5 32.axb5 axb5 33.Nxb5 Rxc2 34.Bc5 Ng3+ 35.
Kg1 Rxg2+ 36.Kxg2 Qxh3+ 0-1

[Event "31st WCh U20 Girls"]
[Site "Kocaeli TUR"]
[Date "2013.09.17"]
[Round "5.36"]
[White "Alymbay Kyzy, Aizhan"]
[Black "Birgelir, Melisa"]
[Result "1/2-1/2"]
[WhiteElo "1820"]
[BlackElo "1617"]
[EventDate "2013.09.13"]
[PlyCount "60"]

1.e4 e6 2.d4 d5 3.e5 c5 4.c3 Nc6 5.Nf3 Qb6 6.a3 c4 7.Nbd2 Na5 8.Be2 Bd7 9.
O-O Ne7 10.Kh1 Ng6 11.Ne1 Nf4 12.Bf3 Be7 13.g3 Ng6 14.Bg2 O-O-O 15.a4 h5 
16.Qe2 h4 17.Nc2 Rdg8 18.Ne3 Nf8 19.Re1 g5 20.Qf3 Rg7 21.Ng4 Nh7 22.Nf6 
Bxf6 23.exf6 Rg6 24.Qh5 Qd8 25.Qe2 Nxf6 26.Ra3 hxg3 27.fxg3 Nh5 28.g4 Qb6 
29.Nf3 f6 30.Be3 Ng7 1/2-1/2

[Event "31st WCh U20 Girls"]
[Site "Kocaeli TUR"]
[Date "2013.09.17"]
[Round "5.37"]
[White "Fuentes Godoy, Lilia Ivonne"]
[Black "Aslan, Cagla Yaren"]
[Result "1/2-1/2"]
[WhiteElo "1829"]
[BlackElo "1697"]
[EventDate "2013.09.13"]
[PlyCount "99"]

1.g3 g6 2.Bg2 Bg7 3.e4 c5 4.d3 d6 5.c3 e6 6.Be3 Nc6 7.Qd2 b5 8.e5 Bb7 9.
exd6 Qxd6 10.Na3 a6 11.Ne2 Nge7 12.O-O Nf5 13.Rad1 O-O 14.Nc2 Rfd8 15.d4 
cxd4 16.Nexd4 Nxe3 17.fxe3 e5 18.Qf2 Qc7 19.Bxc6 Bxc6 20.Nxc6 Rxd1 21.Rxd1
Qxc6 22.Nb4 Qe6 23.e4 f5 24.Qf3 Rc8 25.exf5 gxf5 26.Qd5 Qxd5 27.Rxd5 Ra8 
28.Rd6 a5 29.Nc6 b4 30.cxb4 axb4 31.Rd8+ Rxd8 32.Nxd8 e4 33.b3 h5 34.Ne6 
Be5 35.Kf2 Kf7 36.Nd8+ Kf6 37.h3 Bd4+ 38.Kg2 f4 39.gxf4 Kf5 40.Kf1 Kxf4 
41.Ke2 Kf5 42.Nb7 Kf4 43.Nd6 Bc5 44.Nc4 e3 45.Nb2 Ke4 46.Nc4 h4 47.Nb2 Bd4
48.Nd3 Bc3 49.Nc5+ Kf4 50.Nd3+ 1/2-1/2

[Event "31st WCh U20 Girls"]
[Site "Kocaeli TUR"]
[Date "2013.09.17"]
[Round "5.38"]
[White "Tuzi, Bruna"]
[Black "Matute Loja, Belen"]
[Result "0-1"]
[WhiteElo "1687"]
[BlackElo "1955"]
[EventDate "2013.09.13"]
[PlyCount "54"]

1.e4 c5 2.Nf3 g6 3.d4 cxd4 4.Nxd4 Bg7 5.Bc4 Nc6 6.Be3 a6 7.O-O d6 8.Nc3 
Nf6 9.h3 O-O 10.Bb3 Na5 11.Re1 Nxb3 12.Nxb3 b5 13.Nd5 Nxd5 14.Qxd5 Be6 15.
Qd3 Bxb2 16.Rab1 Bg7 17.f4 Rc8 18.f5 Bc4 19.Qd1 d5 20.Bd4 dxe4 21.fxg6 
hxg6 22.Rxe4 Bxd4+ 23.Rxd4 e6 24.Qd2 Rc5 25.Qf2 Rh5 26.Qg3 Rg5 27.Qf4 Bd5 
0-1

[Event "31st WCh U20 Girls"]
[Site "Kocaeli TUR"]
[Date "2013.09.18"]
[Round "6.1"]
[White "Kashlinskaya, Alina"]
[Black "Aulia, Medina Warda"]
[Result "0-1"]
[WhiteElo "2434"]
[BlackElo "2301"]
[EventDate "2013.09.13"]
[PlyCount "48"]

1.d4 Nf6 2.Nf3 e6 3.g3 d5 4.c4 dxc4 5.Bg2 c5 6.Qa4+ Nc6 7.Ne5 Bd7 8.Nxd7 
Qxd7 9.dxc5 Bxc5 10.O-O Nd4 11.Qxc4 Rc8 12.Nc3 Nc2 13.e3 Bd6 14.Qe2 Nxa1 
15.Rd1 O-O 16.e4 e5 17.Bg5 Qe6 18.Rxa1 Bb4 19.Nd1 Rfd8 20.Ne3 Rd2 21.Qb5 
Bc5 22.Qxb7 h6 23.Bxf6 Bxe3 24.fxe3 Rcc2 0-1

[Event "31st WCh U20 Girls"]
[Site "Kocaeli TUR"]
[Date "2013.09.18"]
[Round "6.2"]
[White "Bulmaga, Irina"]
[Black "Cori Tello, Deysi"]
[Result "1/2-1/2"]
[WhiteElo "2387"]
[BlackElo "2433"]
[EventDate "2013.09.13"]
[PlyCount "61"]

1.e4 c5 2.Nf3 e6 3.d4 cxd4 4.Nxd4 Nc6 5.Nc3 Qc7 6.Be2 a6 7.Be3 Nf6 8.a3 
Bd6 9.Qd2 Nxd4 10.Qxd4 Be5 11.Qd3 Bxc3+ 12.bxc3 Nxe4 13.c4 d5 14.cxd5 exd5
15.O-O O-O 16.Qxd5 Nc3 17.Qf3 Nxe2+ 18.Qxe2 Be6 19.Rfd1 Rac8 20.a4 a5 21.
Qb5 h6 22.h3 Bc4 23.Qb6 Be6 24.Qxc7 Rxc7 25.Bb6 Rc4 26.Bxa5 Ra8 27.Rd8+ 
Rxd8 28.Bxd8 Rxc2 29.Rd1 Bb3 30.Rd4 Rc4 31.Rxc4 1/2-1/2

[Event "31st WCh U20 Girls"]
[Site "Kocaeli TUR"]
[Date "2013.09.18"]
[Round "6.3"]
[White "Arabidze, Meri"]
[Black "Wang Jue"]
[Result "1/2-1/2"]
[WhiteElo "2379"]
[BlackElo "2392"]
[EventDate "2013.09.13"]
[PlyCount "155"]

1.d4 Nf6 2.c4 g6 3.Nc3 Bg7 4.g3 O-O 5.Bg2 d6 6.Nf3 Nc6 7.O-O Rb8 8.e3 Bf5 
9.Qe2 Ne4 10.Nxe4 Bxe4 11.Rd1 a6 12.b3 e5 13.Bb2 exd4 14.Nxd4 Bxg2 15.Kxg2
Qe8 16.Kg1 Ne5 17.Rac1 Qd7 18.Nc2 Qe6 19.Nb4 c6 20.Nd3 Rbd8 21.Ba3 Rfe8 
22.Nf4 Qe7 23.Rc2 Qc7 24.Rcd2 Bf8 25.h4 b5 26.Nd3 Nd7 27.Rc2 bxc4 28.bxc4 
Qa5 29.Bb4 Qf5 30.Rb2 Qe4 31.Ba5 Rb8 32.Rc2 Rb7 33.Ne1 Ne5 34.Rd4 Qf5 35.
Rf4 Qe6 36.Rd4 Qh3 37.Qf1 Qf5 38.Rf4 Qe6 39.Qe2 Rb1 40.Kg2 d5 41.c5 Nc4 
42.Bc3 Bxc5 43.Nf3 f5 44.Ng5 Nxe3+ 45.fxe3 Qxe3 46.Qxe3 Bxe3 47.Rb4 Rg1+ 
48.Kh2 Rd1 49.Rb7 d4 50.Rd7 h6 51.Nf3 c5 52.Ba5 d3 53.Rg2 Rf1 54.Nd2 Bxd2 
55.Bxd2 c4 56.Rc7 Re4 57.Rc6 Kf7 58.Bxh6 Ree1 59.Kh3 Rh1+ 60.Rh2 d2 61.
Bxd2 Rxh2+ 62.Kxh2 Re2+ 63.Kh3 Rxd2 64.Rxa6 c3 65.Rc6 Rd3 66.Kg2 Ke7 67.a4
Kd7 68.Rc4 Kd6 69.a5 Kd5 70.Rc7 Kd6 71.Rc8 Kd7 72.Rc4 Rd5 73.Rxc3 Rxa5 74.
Kf3 Ra4 75.Re3 Kd6 76.Re8 Rg4 77.Re1 Kd5 78.Ra1 1/2-1/2

[Event "31st WCh U20 Girls"]
[Site "Kocaeli TUR"]
[Date "2013.09.18"]
[Round "6.4"]
[White "Goryachkina, Alexandra"]
[Black "Rakhmangulova, Anastasiya"]
[Result "1/2-1/2"]
[WhiteElo "2418"]
[BlackElo "2194"]
[EventDate "2013.09.13"]
[PlyCount "143"]

1.d4 Nf6 2.c4 c5 3.d5 b5 4.cxb5 a6 5.bxa6 d6 6.Nc3 Bxa6 7.Nf3 g6 8.g3 Bg7 
9.Bg2 O-O 10.O-O Nbd7 11.Rb1 Qa5 12.Bd2 Rfb8 13.Qc2 Nb6 14.b3 Qa3 15.Bc1 
Qa5 16.Rd1 Bb7 17.e4 Nfd7 18.Bb2 c4 19.Nd4 Ne5 20.Bf1 Rc8 21.Qd2 Ba6 22.
Qe3 Qc5 23.Nce2 Nbd7 24.b4 Qb6 25.b5 Bb7 26.Nc6 Qxe3 27.fxe3 Re8 28.a3 Nd3
29.Bxg7 Kxg7 30.Ra1 N7c5 31.Nc3 e6 32.Bxd3 cxd3 33.Kf2 f5 34.exf5 exd5 35.
Nd4 Rf8 36.g4 Rae8 37.a4 Bc8 38.Nxd5 gxf5 39.gxf5 Bxf5 40.Nxf5+ Rxf5+ 41.
Nf4 d5 42.Kf3 Re4 43.Rac1 d4 44.Rc4 Kf6 45.Rxd3 Rexf4+ 46.exf4 Nxd3 47.
Rxd4 Nc5 48.Rb4 Nxa4 49.Rxa4 Rxb5 50.Ke4 Rb6 51.Ra7 Rb4+ 52.Kf3 Kf5 53.
Ra5+ Kg6 54.Rg5+ Kf6 55.Kg4 Rb2 56.Rh5 Kg7 57.h3 Rg2+ 58.Kf3 Ra2 59.Rd5 
Kg6 60.Ke4 Re2+ 61.Kf3 Ra2 62.Re5 Rh2 63.Kg3 Ra2 64.h4 Ra1 65.h5+ Kf6 66.
Rb5 Rg1+ 67.Kf2 Ra1 68.Rb7 Kf5 69.Rf7+ Kg4 70.h6 Ra6 71.Ke3 Rxh6 72.Rg7+ 
1/2-1/2

[Event "31st WCh U20 Girls"]
[Site "Kocaeli TUR"]
[Date "2013.09.18"]
[Round "6.5"]
[White "Ibrahimova, Sabina"]
[Black "Saduakasova, Dinara"]
[Result "0-1"]
[WhiteElo "2202"]
[BlackElo "2326"]
[EventDate "2013.09.13"]
[PlyCount "80"]

1.e4 e5 2.Nf3 Nf6 3.Nxe5 d6 4.Nc4 Nxe4 5.Nc3 Nxc3 6.bxc3 g6 7.g3 Bg7 8.Bg2
O-O 9.O-O d5 10.Ne3 c6 11.d4 Nd7 12.Rb1 b5 13.f4 Nf6 14.f5 Re8 15.Bd2 a6 
16.a4 Ra7 17.axb5 axb5 18.Ra1 Rae7 19.Ra8 Qc7 20.Qc1 Qb7 21.Qa1 Rxe3 22.
Bxe3 Rxe3 23.fxg6 hxg6 24.Ra7 Qb6 25.Ra8 Re8 26.Re1 Rf8 27.Re7 c5 28.Qa5 
Qxa5 29.Rxa5 cxd4 30.cxd4 Ne4 31.Bxe4 Bxd4+ 32.Kg2 dxe4 33.Rxb5 Be6 34.Rc7
Rd8 35.c3 Bg7 36.Kf2 Bh6 37.Rb2 e3+ 38.Kf3 Rd2 39.Rb8+ Kg7 40.Re8 Rf2+ 0-1

[Event "31st WCh U20 Girls"]
[Site "Kocaeli TUR"]
[Date "2013.09.18"]
[Round "6.6"]
[White "Pujari, Rucha"]
[Black "Padmini, Rout"]
[Result "1/2-1/2"]
[WhiteElo "2154"]
[BlackElo "2312"]
[EventDate "2013.09.13"]
[PlyCount "170"]

1.d4 Nf6 2.Nf3 g6 3.g3 Bg7 4.Bg2 d5 5.O-O O-O 6.c4 dxc4 7.Na3 Nc6 8.Nxc4 
Be6 9.b3 Bd5 10.Bb2 a5 11.Ne3 Be4 12.a3 Bh6 13.Nc4 Bd5 14.Qc2 Be4 15.Qd1 
Bd5 16.Qc2 Qc8 17.Nfe5 Bxg2 18.Kxg2 Ra6 19.e4 e6 20.Rad1 Rd8 21.Rfe1 Bg7 
22.Bc3 Qa8 23.a4 Nb4 24.Qe2 b6 25.f3 Qb7 26.Ne3 c6 27.Bxb4 axb4 28.Nxc6 
Re8 29.Nxb4 Raa8 30.e5 Nd7 31.Qb5 Bf8 32.Nc4 Rec8 33.a5 Rc7 34.axb6 Nxb6 
35.Nxb6 Bxb4 36.Qxb4 Ra2+ 37.Rd2 Rxd2+ 38.Qxd2 Qxb6 39.Re3 Qb7 40.Rd3 Qc8 
41.Qb4 Rb7 42.Qd2 Rc7 43.Qe2 Qa6 44.Rd2 Qb6 45.Qe3 Kg7 46.h4 h6 47.Qd3 Rb7
48.d5 exd5 49.Qxd5 Qxb3 50.Qxb3 Rxb3 51.Kf2 h5 52.f4 Ra3 53.Re2 Ra6 54.Kf3
Rb6 55.Re3 Ra6 56.Rd3 Ra1 57.Ke4 Ra4+ 58.Kd5 Kf8 59.Rb3 Ra5+ 60.Ke4 Ra4+ 
61.Kf3 Kg7 62.g4 hxg4+ 63.Kxg4 Ra1 64.Rg3 Re1 65.h5 gxh5+ 66.Kxh5+ Kf8 67.
Kg5 Ra1 68.Rb3 Ra6 69.f5 Kg8 70.Rb8+ Kh7 71.Rb7 Kg8 72.Rd7 Rb6 73.Rd6 Rb8 
74.Kf6 Ra8 75.Ke7 Ra5 76.Rd8+ Kg7 77.f6+ Kg6 78.Rg8+ Kf5 79.Kxf7 Ra7+ 80.
Ke8 Ke6 81.Kf8 Rf7+ 82.Ke8 Ra7 83.Kf8 Rf7+ 84.Ke8 Ra7 85.Kf8 Rf7+ 1/2-1/2

[Event "31st WCh U20 Girls"]
[Site "Kocaeli TUR"]
[Date "2013.09.18"]
[Round "6.7"]
[White "Zhai Mo"]
[Black "Martinez, Ayelen"]
[Result "1-0"]
[WhiteElo "2309"]
[BlackElo "2101"]
[EventDate "2013.09.13"]
[PlyCount "55"]

1.e4 c5 2.Nf3 e6 3.d4 cxd4 4.Nxd4 a6 5.Bd3 Bc5 6.Nb3 Be7 7.Qg4 g6 8.Qe2 d6
9.O-O Qc7 10.a4 b6 11.Be3 Nc6 12.N1d2 Nf6 13.Nc4 Nd7 14.f4 Bb7 15.f5 exf5 
16.exf5 Nce5 17.Bh6 gxf5 18.Ne3 Nxd3 19.cxd3 Rg8 20.Rac1 Qd8 21.Nd4 Ne5 
22.Ndxf5 Rc8 23.Rxc8 Qxc8 24.Nxe7 Kxe7 25.d4 Nf3+ 26.Rxf3 Bxf3 27.Nd5+ Kd7
28.Qe7+ 1-0

[Event "31st WCh U20 Girls"]
[Site "Kocaeli TUR"]
[Date "2013.09.18"]
[Round "6.8"]
[White "Monnisha, Gajendra Babu Kannaiyan"]
[Black "Abdumalik, Zhansaya"]
[Result "1/2-1/2"]
[WhiteElo "2094"]
[BlackElo "2277"]
[EventDate "2013.09.13"]
[PlyCount "87"]

1.e4 c5 2.Nf3 e6 3.d4 cxd4 4.Nxd4 a6 5.c4 Nf6 6.Nc3 Qc7 7.a3 d6 8.Be2 Be7 
9.Be3 b6 10.Rc1 Bb7 11.f3 Nbd7 12.O-O O-O 13.Qd2 Rac8 14.Rfd1 Rfe8 15.b4 
Qb8 16.Kh1 h5 17.Nb3 h4 18.Bf4 Ne5 19.Bxe5 dxe5 20.Qe3 Bc6 21.Rb1 Qa7 22.
Nc1 Nh5 23.Nd3 Qc7 24.c5 b5 25.Bf1 Nf4 26.Qf2 Rb8 27.Nxf4 exf4 28.Nd5 exd5
29.exd5 Bxd5 30.Rxd5 Bf6 31.Rd6 Re6 32.Rxe6 fxe6 33.Bd3 Rd8 34.Qe2 Qe5 35.
Qxe5 Bxe5 36.Rd1 Kf8 37.Bc2 Rxd1+ 38.Bxd1 Bb2 39.a4 Ba3 40.axb5 axb5 41.c6
Ke7 42.Be2 Bxb4 43.Bxb5 Kd6 44.Kg1 1/2-1/2

[Event "31st WCh U20 Girls"]
[Site "Kocaeli TUR"]
[Date "2013.09.18"]
[Round "6.9"]
[White "Qiu Mengjie"]
[Black "Stetsko, Lanita"]
[Result "1/2-1/2"]
[WhiteElo "2091"]
[BlackElo "2213"]
[EventDate "2013.09.13"]
[PlyCount "107"]

1.e4 e5 2.Nf3 Nc6 3.Nc3 Nf6 4.d4 exd4 5.Nxd4 Bb4 6.Nxc6 bxc6 7.Bd3 d5 8.
exd5 cxd5 9.O-O O-O 10.Bg5 c6 11.Qf3 h6 12.Bxf6 Qxf6 13.Qxf6 gxf6 14.Ne2 
Bd6 15.Nd4 c5 16.Nf5 Bxf5 17.Bxf5 Rab8 18.b3 Rfe8 19.Rad1 Rbd8 20.Rfe1 Bc7
21.g4 Re5 22.h3 Kg7 23.Kg2 Ba5 24.Re3 h5 25.Rdd3 Rde8 26.Rxd5 Rxe3 27.fxe3
Rxe3 28.Rxc5 Bb6 29.Rd5 h4 30.c4 Rg3+ 31.Kf1 Rf3+ 32.Ke2 Rxh3 33.c5 Bc7 
34.Rd7 Bf4 35.c6 Rc3 36.Rd4 Be5 37.Rc4 Rxc4 38.bxc4 Kh6 39.Kf2 h3 40.Kg1 
Kg7 41.Kh1 Kh6 42.Bd7 Kg5 43.Bf5 Kh4 44.Bd7 Kg3 45.Bf5 Kf3 46.Bd7 Kf2 47.
Be8 Kg3 48.Bd7 Kf3 49.Kg1 Bc7 50.Kh1 h2 51.Bf5 Ke3 52.Bd7 Kd4 53.Be8 Kc5 
54.Kg2 1/2-1/2

[Event "31st WCh U20 Girls"]
[Site "Kocaeli TUR"]
[Date "2013.09.18"]
[Round "6.10"]
[White "Khademalsharieh, Sarasadat"]
[Black "Furtado, Ivana Maria"]
[Result "1/2-1/2"]
[WhiteElo "2303"]
[BlackElo "2134"]
[EventDate "2013.09.13"]
[PlyCount "63"]

1.d4 Nf6 2.Nf3 e6 3.c4 d5 4.Nc3 Bb4 5.cxd5 exd5 6.Bg5 h6 7.Bh4 Nbd7 8.e3 
g5 9.Bg3 Ne4 10.Nd2 Nxg3 11.hxg3 Nb6 12.Bd3 Be6 13.Rc1 c6 14.a3 Bd6 15.b4 
Qe7 16.Nb3 Nc4 17.Nc5 Nb2 18.Qd2 Nxd3+ 19.Qxd3 Bc8 20.O-O O-O 21.e4 b6 22.
exd5 bxc5 23.bxc5 cxd5 24.Nxd5 Qe6 25.Qf3 Bb7 26.Nf6+ Kh8 27.d5 Be7 28.Qb3
Qxf6 29.Qxb7 Rfb8 30.Qd7 Rd8 31.Qb7 Rdb8 32.Qd7 1/2-1/2